书目信息 |
| 题名: |
中国流行语2005发布榜
|
|
| 作者: | 周勇闯 主编 ;文汇新民联合报业集团 编选 | |
| 分册: | ||
| 出版信息: | 上海 文汇出版社 2005 |
|
| 页数: | 225页 | |
| 开本: | 23cm | |
| 丛书名: | ||
| 单 册: | ||
| 中图分类: | H136.4 | |
| 科图分类: | ||
| 主题词: | 汉语--han yu--社会习惯语--汇编 , 社会习惯语--she hui xi guan yu | |
| 电子资源: | ||
| ISBN: | 7-80676-787-8 | |
| 000 | 00907nam0 2200241 450 | |
| 001 | CAL 012006036660 | |
| 005 | 20061115153102.06 | |
| 010 | @a7-80676-787-8@dCNY25.00 | |
| 100 | @a20061012d2005 em y0chiy0120 ea | |
| 101 | 0 | @achi |
| 102 | @aCN@b310000 | |
| 105 | @aa z 000yy | |
| 200 | 1 | @a中国流行语2005发布榜@Azhong guo liu xing yu 2005 fa bu bang@f周勇闯主编@g文汇新民联合报业集团新闻信息中心编选 |
| 210 | @a上海@c文汇出版社@d2005 | |
| 215 | @a225页@c照片@d23cm | |
| 330 | @a本书分为15章, 汇集了时政类、国际类、财经类、交通类、职场类、房产类、汽车类、健康类、出版类等方面的流行语。 | |
| 606 | 0 | @a汉语@Ahan yu@x社会习惯语@j汇编 |
| 606 | 0 | @a社会习惯语@Ashe hui xi guan yu |
| 690 | @aH136.4@v4 | |
| 701 | 0 | @a周勇闯@Azhou yong chuang@4主编 |
| 712 | 02 | @a文汇新民联合报业集团@Awen hui xin min lian he bao ye ji tuan@b新闻信息中心@4编选 |
| 801 | 0 | @aCN@c20061115 |
| 905 | @apdsgxy@dH136.4@eZ810 | |
| 中国流行语2005发布榜/周勇闯主编/文汇新民联合报业集团新闻信息中心编选.-上海:文汇出版社,2005 |
| 225页:照片;23cm |
| ISBN 7-80676-787-8:CNY25.00 |
| 本书分为15章, 汇集了时政类、国际类、财经类、交通类、职场类、房产类、汽车类、健康类、出版类等方面的流行语。 |
| ● |
| 相关链接 |
|
|
|
正题名:中国流行语2005发布榜
索取号:H136.4/Z810
 
预约/预借
| 序号 | 登录号 | 条形码 | 馆藏地/架位号 | 状态 | 备注 |
| 1 | 635880 | 206358804 | 语言库209/209语言库 73排2列2层/ [索取号:H136.4/Z810] | 在馆 | |
| 2 | 635881 | 206358813 | 语言库209/209语言库 73排2列2层/ [索取号:H136.4/Z810] | 在馆 | |
| 3 | 635882 | 206358822 | 语言库209/209语言库 73排2列2层/ [索取号:H136.4/Z810] | 在馆 |